| 000 | 02952 a2200373 4500 | ||
|---|---|---|---|
| 005 | 20090511153056.0 | ||
| 008 | 090511t xxu||||| |||| 00| 0 eng d | ||
| 010 | _aENG-90113 B-311539-547 | ||
| 020 |
_a0230634974 _c295.00 |
||
| 020 |
_a9780230634978 _c295.00 |
||
| 035 | _aEN-73646 | ||
| 035 | _a B-311539-547 | ||
| 037 | _bDBAD / PUB | ||
| 040 |
_adpl _bEnglish |
||
| 082 | _a158.1 | ||
| 100 | _aHarris, Russ | ||
| 245 |
_aThe happiness trap: _cby Russ Harris _bstop struggling, start living/ |
||
| 260 |
_aNew Delhi _bMacmillan India _c2008 (repr.) |
||
| 270 |
_a2/10, Ansari Road, Daryaganj, _bNew Delhi _e110002 _cDelhi |
||
| 300 |
_a280p. _c24 cm. (pbk) |
||
| 500 | _aIncludes index | ||
| 942 |
_adpl _cEN _k 158.1/ HAR _2ddc _h158.1 _mHAR |
||
| 999 |
_c12070 _d12070 |
||